000 00325nam a22001457a 4500
003 OSt
005 20211223101245.0
008 211223b |||||||| |||| 00| 0 eng d
020 _a9789380444437
040 _cHU
082 _a004.6 DUB2010
100 _aDubey
_924558
245 _aMobile Computing
942 _2ddc
_cBOOKS
_n0
999 _c23665
_d23665